Enciclopédia da Psicologia (Registo nº 29681)

Detalhes MARC
000 -Etiqueta do registo
Valores 00493 a2200205 4500
010 ## - Número ISBN
ISBN 9728528272
021 ## - Número do Depósito Legal
-- PT
Número B-2281-99
090 ## -
-- 29681
100 ## - Dados gerais de processamento
Dados gerais 20090120d1999 ma 0pory5003 ba
101 ## - Língua de publicação
-- por
-- spa
102 ## - País de publicação
-- PT
105 ## -
-- a z f001 y
200 1# - Titulo e menção de responsabilidade
Título próprio Enciclopédia da Psicologia
Outras menções de responsabilidade direcção de Carlos Gispert
210 ## - Publicação
Local de publicação Lisboa
Nome do editor Liarte
Data de publicação 1999
215 ## - Descrição física 
Paginação / Volumes 4 v.
Dimensões 29 cm.
675 ## - CDU
Notação 159.9(031)
930 ## -
-- BECRE
990 ## - Elementos KOHA
Tipo de documento Livro
995 ## - Localização e informação dos exemplares
-- 18
Exemplares
Situação do levantamento Estado Biblioteca de origem Biblioteca de empréstimo Código de barras Cota Permissão de empréstimo Tipo de documento
  Completo Biblioteca da Escola Básica e Secundária Dr Isidoro de Sousa Biblioteca da Escola Básica e Secundária Dr Isidoro de Sousa 5209EV 159 PSI Disponível Livro




Powered by Koha